• 首页
  • 本馆介绍
  • 公告通知
  • 最新文献
  • 馆藏检索
  • 电子资源
  • 读者导购
  • 参考咨询
  • 我的图书馆
  • 登录
  • 详细信息显示
  • 放入我的书架
  • 预约/预借图书
  • 作者相关作品
  • 分类相关作品
  • 丛书相关作品
  • 出版社相关作品

书目信息

  • 表格格式
  • 工作单格式
  • 卡片格式
题名:
轻声和儿化
    
 
作者: 鲁允中 编
分册:  
出版信息: 北京   商务印书馆  2001
页数: 192页
开本: 18cm
丛书名: 汉语知识丛书
单 册:
中图分类: H116.4
科图分类:
主题词: 现代汉语--儿化--研究 , 现代汉语--语调--轻声--研究
电子资源:
ISBN: 7-100-03168-0
000 00704oam2 2200253 450
001 060000006868
005 20051013163503.18
010    @a7-100-03168-0@dCNY10.00
092    @aCN
100    @a20040831d2001 ekmy0chiy0120 ea
101 0  @achi
102    @aCN@b110000
105    @ak z 000yy
200 1  @a轻声和儿化@9qing sheng he er hua@f鲁允中编@Flu yun zhong bian
210    @a北京@c商务印书馆@d2001
215    @a192页@d18cm
225 2  @a汉语知识丛书@h第一辑
410  0 @12001 @a汉语知识丛书
606 0  @a现代汉语@x儿化@x研究
606 0  @a现代汉语@x语调@x轻声@x研究
690    @aH116.4@v4
701  0 @a鲁允中@9lu yun zhong@4编
801  0 @aCN@bTSSF@c20051013
905    @a10447@dH116.4@e92
    
    轻声和儿化/鲁允中编.-北京:商务印书馆,2001
    192页;18cm.-(汉语知识丛书.第一辑)
    
    
    ISBN 7-100-03168-0:CNY10.00
    
●
相关链接 在E读中查询图书 在五车中查询图书 在当当中查询图书 在豆瓣中查询图书


正题名:轻声和儿化     索取号:H116.4/92         预约/预借

序号 登录号 条形码 馆藏地/架位号 状态 备注
1 0367006   3670067   第二样本阅览室/ [索取号:H116.4/92] 在馆    
2 0367007   3670076   第四借阅区/ [索取号:H116.4/92] 在馆    
3 0367008   3670085   第四借阅区/ [索取号:H116.4/92] 在馆    
4 0367009   3670094   第四借阅区/ [索取号:H116.4/92] 在馆    
5 0367010   3670101   第四借阅区/ [索取号:H116.4/92] 在馆    
唐山师范学院图书馆 欢迎您!
大连网信软件有限公司© 版权所有